Geografía rural
Uloženo v:
| Hlavní autor: | |
|---|---|
| Médium: | Kniha |
| Jazyk: | španělština |
| Vydáno: |
Barcelona
Ariel
1969
|
| Vydání: | 2a. ed |
| Edice: | Elcano. La Geografía y sus Problemas
|
| Témata: | |
| Tagy: |
Přidat tag
Žádné tagy, Buďte první, kdo vytvoří štítek k tomuto záznamu!
|
MARC
| LEADER | 00000nam a2200000 a 4500 | ||
|---|---|---|---|
| 001 | UCV8975 | ||
| 003 | CL-VaPUC | ||
| 008 | 920330e19690000SP |||||||||||||||||spa|d | ||
| 082 | 0 | 4 | |a 910.021734 |b GEO |2 21 |
| 100 | |a George, Pierre |e author |9 341155 | ||
| 245 | 1 | 0 | |a Geografía rural |
| 250 | |a 2a. ed | ||
| 300 | |a 362 p | ||
| 942 | |c BK | ||
| 945 | |d 19920330 00:00:00 | ||
| 260 | |a Barcelona |b Ariel |c 1969 | ||
| 650 | 7 | |a GEOGRAFIA RURAL |2 CL-VaPUC |9 267390 | |
| 583 | |a last modification |c 19920330 00:00:00 |k Rodrigo Vera | ||
| 490 | 0 | |a Elcano. La Geografía y sus Problemas | |
| 999 | |c 214380 |d 214378 | ||
| 952 | |0 0 |1 0 |4 0 |6 910_021734000000000_GEO_1969 |7 0 |8 P |9 197678 |a BIBARQ |b BIBARQ |d 2019-11-14 |i 2653451 |o 910.021734 GEO 1969 |p 2653451 |r 2025-01-20 |w 2019-11-14 |y BK |k ARQ | ||
| 952 | |0 0 |1 0 |4 0 |6 910_021734000000000_GEO_1969 |7 0 |8 A |9 197679 |a BIBING |b BIBING |d 2019-11-14 |i 164050K |o 910.021734 GEO 1969 |p 164050K |r 2025-01-20 |w 2019-11-14 |y BK |k GEO | ||
| 952 | |0 0 |1 0 |4 0 |6 910_021734000000000_GEO_1969 |7 0 |8 A |9 197680 |a BIBING |b BIBING |d 2019-11-14 |i 1640844 |o 910.021734 GEO 1969 |p 1640844 |r 2025-01-20 |w 2019-11-14 |y BK |k GEO | ||
| 952 | |0 0 |1 0 |4 0 |6 910_021734000000000_GEO_1969 |7 0 |8 A |9 197681 |a BIBING |b BIBING |d 2019-11-14 |i 1640550 |o 910.021734 GEO 1969 |p 1640550 |r 2025-01-20 |w 2019-11-14 |y BK |k GEO | ||
| 952 | |0 0 |1 0 |4 0 |6 910_021734000000000_GEO_1969 |7 0 |8 A |9 197682 |a BIBHIS |b BIBHIS |d 2019-11-14 |i 4408640 |o 910.021734 GEO 1969 |p 4408640 |r 2025-01-20 |w 2019-11-14 |y BK |k HIS | ||